| 000 | 00766cam a22002173a 4500 | ||
|---|---|---|---|
| 001 | 45027 | ||
| 003 | PGUSA | ||
| 005 | 20140828084028.0 | ||
| 008 | 140227s2014||||xxu|||||s|||||000 | eng d | ||
| 040 |
_aPGUSA _beng |
||
| 042 | _adc | ||
| 100 | 1 |
_aChaucer, Geoffrey, _d1342-1400 |
|
| 245 | 1 | 0 |
_aChaucer's Works, Volume 3 (of 7) : _bThe House of Fame; The Legend of Good Women; The Treatise on the Astrolabe; The Sources of the Canterbury Tales _h[electronic resource] / _cGeoffrey Chaucer |
| 260 |
_bProject Gutenberg, _c2014 |
||
| 506 | _aPublic domain in the USA. | ||
| 516 | _aElectronic text | ||
| 700 | 1 |
_aSkeat, Walter W. _q(Walter William), _d1835-1912 |
|
| 830 | 0 |
_aProject Gutenberg _v45027 |
|
| 856 | 4 | 0 | _uhttp://www.gutenberg.org/ebooks/45027 |
| 942 | _cEB | ||
| 999 |
_c274278 _d274278 |
||